Zkušenosti držitele ceny České republiky za jakost 1998
Spoločnosť Hewlett-Packard (HP) si stanovila rast príjmov ako kľúčový ukazovateľ výkonnosti firmy. Cena akcií stále stúpa. Ekonomické výsledky spoločnosti. Finančné ukazovatele výkonnosti organizácie. Výsledky HP vo vzťahu k ďalším ukazovateľom výkonov organizácie.
Saved in:
| Main Author: | |
|---|---|
| Format: | Book Chapter |
| Language: | Czech |
| Subjects: | |
| Tags: |
No Tags, Be the first to tag this record!
|
MARC
| LEADER | 00000naa a2200000 4500 | ||
|---|---|---|---|
| 001 | r037645 | ||
| 005 | 20230524135459.3 | ||
| 041 | 0 | |a cze | |
| 044 | |a CZ | ||
| 245 | 1 | 0 | |a Zkušenosti držitele ceny České republiky za jakost 1998 |c Vladimír Příbramský |
| 520 | |a Spoločnosť Hewlett-Packard (HP) si stanovila rast príjmov ako kľúčový ukazovateľ výkonnosti firmy. Cena akcií stále stúpa. Ekonomické výsledky spoločnosti. Finančné ukazovatele výkonnosti organizácie. Výsledky HP vo vzťahu k ďalším ukazovateľom výkonov organizácie. | ||
| 610 | 2 | 0 | |a kvalita |
| 610 | 2 | 0 | |a kvalita práce |
| 610 | 2 | 0 | |a kvalita výrobkov |
| 610 | 2 | 0 | |a oceňovanie |
| 610 | 2 | 0 | |a riadenie kvality |
| 610 | 2 | 0 | |a manažment |
| 610 | 2 | 0 | |a akcionári |
| 610 | 2 | 0 | |a akcie |
| 610 | 2 | 0 | |a Česko |
| 610 | 2 | 0 | |a 1998 |
| 610 | 2 | 0 | |a Hewlett-Packard s.r.o. |
| 610 | 2 | 0 | |a výkony podnikové |
| 610 | 2 | 0 | |a náklady |
| 610 | 2 | 0 | |a ukazovatele finančné |
| 100 | 1 | |a Příbramský, Vladimír | |